Capitales - Différence en anglais - Statistiques

Statistiques générales
  • Ce quiz a été pris 22 fois
  • Le résultat moyen est 19 sur 47
Statistiques - réponses
Pays Français Anglais % Correct
Égypte Le Caire Cairo
86%
Autriche Vienne Vienna
86%
Afghanistan Kaboul Kabul
81%
Russie Moscou Moscow
81%
Azerbaïdjan Bakou Baku
76%
Chine Pékin Beijing
76%
Suisse Berne Bern
76%
Belgique Bruxelles Brussels
76%
Royaume-Uni Londres London
76%
Émirats Arabes Unis Abou Dabi Abu Dhabi
71%
Cuba La Havane Havana
71%
Grèce Athènes Athens
67%
Portugal Lisbonne Lisbon
67%
Danemark Copenhague Copenhagen
62%
Bangladesh Dacca Dhaka
62%
Liban Beyrouth Beirut
52%
Malte La Valette Valletta
52%
Singapour Singapour Singapore
48%
Ukraine Kiev Kyiv
43%
Chypre Nicosie Nicosia
43%
Saint-Marin Saint-Marin San Marino
43%
Pologne Varsovie Warsaw
43%
Algérie Alger Algiers
33%
Roumanie Bucarest Bucharest
33%
Philippines Manille Manila
33%
Iran Téhéran Tehran
33%
Syrie Damas Damascus
29%
Koweït Koweït Kuwait City
29%
Arabie Saoudite Riyad Riyadh
29%
Arménie Erevan Yerevan
29%
Andorre Andorre-la-Vieille Andorra la Vella
24%
Bhoutan Thimphou Thimphu
24%
Irak Bagdad Baghdad
19%
Kirghizistan Bichkek Bishkek
19%
Soudan du Sud Djouba Juba
19%
Oman Mascate Muscat
19%
Trinité-et-Tobago Port-d'Espagne Port-of-Spain
19%
Géorgie Tbilissi Tbilisi
19%
Turkménistan Achgabat Ashgabat
14%
Népal Katmandou Kathmandu
14%
République Dominicaine Saint-Domingue Santo Domingo
14%
Ouzbékistan Tachkent Tashkent
14%
Éthiopie Addis Abeba Addis Ababa
10%
Tadjikistan Douchanbé Dushanbe
10%
Kiribati Tarawa-Sud South Tarawa
10%
Somalie Mogadiscio Mogadishu
5%
Mongolie Oulan-Bator Ulaanbaatar
5%
Aucun quiz correspondant
Distribution des résultats
% des personnes avec chaque résultat
Percentile par nombre de réponses
Votre historique - résultats
Vous n’avez pas pris ce quiz